| 000 | 04490nam a2200469 a 4500 | ||
|---|---|---|---|
| 005 | 20090801133824.0 | ||
| 008 | 040603r20042001enk b 001 0 eng | ||
| 010 | _aENG-94596 B-447283-287 | ||
| 020 |
_a9788123753607 _c55.00 |
||
| 035 | _aEN-78129 | ||
| 035 | _aB-341244-254 B-447283-287 | ||
| 037 | _bDBAD / PUB | ||
| 037 | _bNorth India Publishers & Distributors | ||
| 037 | _bBPPD/KKP | ||
| 040 |
_adpl _bEnglish |
||
| 082 | _a302.14 | ||
| 100 |
_aChandra, Bipan _944226 |
||
| 245 |
_aCommunalism: _cby Bipan Chandra _ba primer / |
||
| 260 |
_aNew Delhi _bNational Book Trust _c2008 |
||
| 270 |
_aNehru Bhawan, Institutional Area, Phase - II, Vasant Kunj, _bNew Delhi _e110070 |
||
| 300 |
_axii, 121p. _c22cm(pbk) |
||
| 942 |
_2ddc _cEN _mCHA _h302.14 |
||
| 999 |
_c28826 _d28826 |
||